Alles mit E - Geografie - Statistiken

Allgemein
  • Dieses Quiz wurde 214 mal gespielt
  • Das Durchschnittsergebnis liegt bei 16 aus 30
Antwortstatistiken
Hint Antwort % Korrekt
Estland
97%
Deutsche Städte 90 000+ Essen
95%
Eritrea
90%
mitteleuropäischer Fluss, der durch Tschechien und Deutschland fließt Elbe
89%
Eswatini
81%
Länder Ecuador
80%
Erfurt
66%
Mittelgebirge in Sachsen und Böhmen, bekannt durch die dortigeVolkskunst (Holzschnitzerei) Erzgebirge
66%
Italienische Insel, Exil von Napoleon Bonaparte Elba
65%
El Salvador
64%
Elfenbeinküste
60%
deutscher Fluss, der in die Nordsee mündet Ems
60%
zweitlängster Fluss der Iberischen Halbinsel Ebro
59%
einer der großen Seen Nordamerikas Eriesee
59%
größter Fluss Vorderasiens Euphrat
57%
Mittelgebirge in Rheinland-Pfalz und NRW Eifel
54%
Erlangen
54%
früherer Name der japanischen Hauptstadt Tokio Edo
49%
Höchster Berg Europas (wenn man ihn zu Europa rechnet) Elbrus
49%
Hauptstadt der kanadischen Provinz Alberta Edmonton
48%
Stadt in den Niederlanden, Sitz des Elektronikkonzerns Philips Eindhoven
47%
Esslingen
36%
bekannter Berg in den Berner Alpen Eiger
35%
See in Hessen, gehört zu den größten Talsperren Deutschlands Edersee
31%
Felsengebirge mit tollen Formen in Sachsen Elbsandsteingebirge
31%
zweitlängster Fluss Italiens, der in die Adria mündet Etsch
24%
zweitgrößte Stadt Finnlands Espoo
22%
Hauptstadt der autonomen Region Kurdistan im Irak Erbil
15%
sehr alte ungarische Stadt, heute durch große Weinanbaugebiete bekannt,auch bekannt durch einen Roman über die Türkenkriege im 16. Jhd. Eger
14%
Hochgebirge im nördlichen Iran Elburs-Gebirge
6%
Keine übereinstimmenden Quizze gefunden
Verteilung der Resultate
Anzahl Personen mit jedem Resultat
Perzentil nach korrekt beantworteten Fragen
Ihre Resultats-Entwicklung
Sie haben dieses Quiz noch nicht gespielt